| 000 | 00852nam a22002417a 4500 | ||
|---|---|---|---|
| 003 | UA-OsUOA | ||
| 001 | 118541 | ||
| 007 | ta | ||
| 008 | 20160909b un ||||| |||| 00| 0 ukr d | ||
| 090 |
_a2(091)(477) _bІ-99 |
||
| 942 | _cBK | ||
| 040 |
_aUA-OsUOA _bukr _cUA-OsUOA _dUA-OsUOA |
||
| 245 |
_aІсторія релігій в Україні _bнауковий збірник світлій пам'яті професора Ярослава Дашкевича (1926 - 2010) _cзазаг. ред. М. Капраля, О. Киричук, І. Орлевич |
||
| 300 | _a734 с. | ||
| 955 | _a1 | ||
| 041 | _aukr | ||
| 080 | _a2(091)(477) | ||
| 020 | _a978-966-7379-86-5 | ||
| 260 |
_aЛьвів _bЛогос _c2016 |
||
| 246 | 3 | 1 |
_aЧ. 1 _nЦерковна історія |
| 650 | 7 |
_a2 Релігія. Теологія. _2UDC |
|
| 999 |
_c404626 _d404626 |
||